000 00398nam a2200109Ia 4500
008 160909s9999 xx 000 0 und d
100 _aRedman, David J.
245 _aMotivation of Adult, Auditioned Community Choirs: Implications toward Lifelong Learning
260 _bUniversity of South Florida.
_c2016
650 _aPSYCHOLOGY
856 _uhttp://pqdtopen.proquest.com/doc/1781246022.html?FMT=ABS
999 _c304052
_d304052